Mujeres inmigrantes peruanas en Chile /
Este artículo reflexiona en torno a la situación de la migración peruana en Chile, en particular sobre la situación de exclusión social y laboral que enfrentan las mujeres inmigrantes en Santiago. La migración peruana se caracteriza por ser eminentemente femenina y con una alta concentración laboral...
Guardat en:
| Autor principal: | |
|---|---|
| Format: | Text |
| Matèries: | |
| Etiquetes: |
Afegir etiqueta
Sense etiquetes, Sigues el primer a etiquetar aquest registre!
|
MARC
| LEADER | 00000 a a2200000 04500 | ||
|---|---|---|---|
| 001 | 11731 | ||
| 003 | |||
| 040 | |||
| 100 | |a Stefoni, Carolina | ||
| 245 | |a Mujeres inmigrantes peruanas en Chile / |c Carolina Stefoni | ||
| 500 | |a El artículo recoge varias de las ideas presentadas por Carolina Stefoni. Inmigración peruana en Chile. Una oportunidad a la investigación, capítulo 4, Santiago, Chile, 2002 | ||
| 520 | |a Este artículo reflexiona en torno a la situación de la migración peruana en Chile, en particular sobre la situación de exclusión social y laboral que enfrentan las mujeres inmigrantes en Santiago. La migración peruana se caracteriza por ser eminentemente femenina y con una alta concentración laboral de este grupo en el trabajo doméstico | ||
| 650 | |a MUJERES | ||
| 650 | |a INMIGRANTES | ||
| 650 | |a TRABAJADORAS | ||
| 650 | |a TRABAJADORES DOMESTICOS | ||
| 650 | |a MIGRACION LABORAL | ||
| 650 | |a ESTADISTICAS DE MIGRACION | ||
| 650 | |a TRABAJADORES DOMESTICOS | ||
| 650 | |a DISTRIBUCION DE EDAD | ||
| 650 | |a OCUPACIONES | ||
| 773 | |g volumen 8, número 33; páginas 117-144 | ||
| 999 | |c 26915 |d 26915 | ||
